书目信息 |
| 题名: |
智力和寿命的自我预测
|
|
| 作者: | 稻田京太 , 马国平 著 | |
| 分册: | ||
| 出版信息: | 上海 文汇出版社 1987.9 |
|
| 页数: | 138页 | |
| 开本: | 19cm | |
| 丛书名: | 开开眼界丛书 | |
| 单 册: | ||
| 中图分类: | B841.7 | |
| 科图分类: | 59.8054 | |
| 主题词: | 智力测验 , 健康--测验 | |
| 电子资源: | ||
| ISBN: | 7-80531-034-3 | |
| 000 | 01022nam2 2200301 45 | |
| 001 | 1534476006 | |
| 005 | 20150130093504.10 | |
| 010 | @a7-80531-034-3@dCNY1.05 | |
| 020 | @aCN@b88017477 | |
| 100 | @a19910417d1987 u y0chiy0120 ea | |
| 101 | 1 | @achi@cjpn |
| 102 | @aCN@b310000 | |
| 105 | @ay z 000yy | |
| 200 | 10 | @a智力和寿命的自我预测@Azhi li he shou ming de zi wo yu ce@f(日)稻田京太著@F( ri ) dao tian jing tai zhu@g马国平编译 |
| 210 | @a上海@c文汇出版社@d1987.9 | |
| 215 | @a138页@d19cm | |
| 225 | 2 | @a开开眼界丛书 |
| 330 | @a本书运用自我鉴定的方式,通过浅显常见的问题帮助你了解自己的智力、性格及身心健康,并从答案及自我评价中得到有益的启迪。 | |
| 410 | 0 | @120010@a开开眼界丛书 |
| 540 | 1 | @a智力和寿命的自我预测@Azhi li he shou ming de zi wo yu ce |
| 606 | @a智力测验 | |
| 606 | @a健康@x测验 | |
| 690 | @aB841.7@v1980 | |
| 692 | @a59.8054@v1974 | |
| 701 | 0 | @a稻田京太@Adao tian jing tai@4著 |
| 701 | 0 | @a马国平@Ama guo ping@4编译 |
| 801 | 0 | @aCN@bTSSF@c20150130 |
| 905 | @aZUCC@dB841.7@eJY12 | |
| 智力和寿命的自我预测/(日)稻田京太著/马国平编译.-上海:文汇出版社,1987.9 |
| 138页;19cm.-(开开眼界丛书) |
| ISBN 7-80531-034-3:CNY1.05 |
| 本书运用自我鉴定的方式,通过浅显常见的问题帮助你了解自己的智力、性格及身心健康,并从答案及自我评价中得到有益的启迪。 |
| ● |
| 相关链接 |
|
|
|
|
正题名:智力和寿命的自我预测
索取号:B841.7/JY12
 
预约/预借
| 序号 | 登录号 | 条形码 | 馆藏地/架位号 | 状态 | 备注 |
| 1 | 7847056 | 278470566 | 学院路分馆/ [索取号:B841.7/JY12] | 在馆 | |
| 2 | 7847057 | 278470575 | 学院路分馆/ [索取号:B841.7/JY12] | 在馆 |